Legendary Pokemon - Statistics

General Stats
  • This quiz has been taken 152 times
  • The average score is 38 of 51
Answer Stats
Hint Answer % Correct
Articuno
96%
Mew
96%
Mewtwo
96%
Moltres
96%
Zapdos
96%
Ho-Oh
91%
Groudon
90%
Lugia
90%
Dialga
88%
Entei
88%
Palkia
88%
Rayquaza
88%
Suicune
88%
Kyogre
87%
Raikou
86%
Celebi
84%
Giratina
84%
Arceus
79%
Reshiram
79%
Regice
78%
Regirock
78%
Registeel
78%
Zekrom
76%
Jirachi
74%
Latias
74%
Latios
74%
Darkrai
73%
Xerneas
72%
Yveltal
72%
Azelf
71%
Heatran
71%
Mesprit
71%
Uxie
71%
Deoxys
70%
Kyurem
70%
Regigigas
70%
Zygarde
70%
Shaymin
68%
Cobalion
67%
Cresselia
63%
Terrakion
63%
Virizion
63%
Manaphy
62%
Phione
59%
Victini
58%
Genesect
54%
Thundurus
54%
Tornadus
54%
Landorus
52%
Diancie
49%
Meloetta
47%
No matching quizzes found
Score Distribution
Percent of People with Each Score
Percentile by Number Answered
Your Score History
You have not taken this quiz